书目信息 |
| 题名: |
电气工程施工监理实用手册
|
|
| 作者: | 韩轩 主编 | |
| 分册: | ||
| 出版信息: | 北京 中国电力出版社 2005.02 |
|
| 页数: | 508页 | |
| 开本: | 26cm | |
| 丛书名: | 建筑工程篱工监理实用手册丛书 | |
| 单 册: | ||
| 中图分类: | TU85-62 | |
| 科图分类: | ||
| 主题词: | 房屋建筑设备: 电气设备--建筑安装工程--监督管理--技术手册 | |
| 电子资源: | ||
| ISBN: | 7-5083-3083-8 | |
| 000 | 00964nam2 2200253 450 | |
| 001 | 0164010671 | |
| 005 | 20050921171223.10 | |
| 010 | @a7-5083-3083-8@dCNY58.00 | |
| 100 | @a20050725d2005 km y0chiy0120 ea | |
| 101 | 0 | @achi |
| 102 | @aCN@b110000 | |
| 105 | @aa a 000yy | |
| 200 | 1 | @a电气工程施工监理实用手册@Adian qi gong cheng shi gong jian li shi yong shou ce@f韩轩主编@Fhan xuan zhu bian |
| 210 | @a北京@c中国电力出版社@d2005.02 | |
| 215 | @a508页@c图@d26cm | |
| 225 | 2 | @a建筑工程篱工监理实用手册丛书 |
| 320 | @a有书目。 | |
| 330 | @a本手册以《建筑工程施工质量验收统一标准》(GB50300-2001)、《建筑电气工程施工质量验收规范》(GB50303-2002)为准绳,结合《建设工程监理规范》(GB50319-2000)编写完成。 | |
| 410 | 0 | @12001 @a建筑工程篱工监理实用手册丛书 |
| 606 | 0 | @a房屋建筑设备: 电气设备@x建筑安装工程@x监督管理@j技术手册 |
| 690 | @aTU85-62@v4 | |
| 701 | 0 | @a韩轩@Ahan xuan@4主编 |
| 801 | 0 | @aCN@bQSSK@c20050921 |
| 905 | @a10447@dTU85-62@eH105 | |
| 电气工程施工监理实用手册/韩轩主编.-北京:中国电力出版社,2005.02 |
| 508页:图;26cm.-(建筑工程篱工监理实用手册丛书) |
| ISBN 7-5083-3083-8:CNY58.00 |
| 本手册以《建筑工程施工质量验收统一标准》(GB50300-2001)、《建筑电气工程施工质量验收规范》(GB50303-2002)为准绳,结合《建设工程监理规范》(GB50319-2000)编写完成。 |
| ● |
| 相关链接 |
|
|
|
正题名:电气工程施工监理实用手册
索取号:TU85-62/H105
 
预约/预借
| 序号 | 登录号 | 条形码 | 馆藏地/架位号 | 状态 | 备注 |
| 1 | 526086 | 205260867 | 建筑库201/201建筑库 54排1列5层/ [索取号:TU85-62/H105] | 在馆 | |
| 2 | 526087 | 205260876 | 建筑库201/201建筑库 54排1列5层/ [索取号:TU85-62/H105] | 在馆 |